Explorateurs Célèbres - Statistiques

Statistiques générales
  • Ce quiz a été pris 76 fois
  • Le résultat moyen est 9 sur 20
Statistiques - réponses
Description Nationalité Explorateur % Correct
Navigateur qui a découvert l’Amérique en 1492. Génois Christophe Colomb
98%
A dirigé la première expédition ayant fait le tour du monde, bien qu'il soit mort en route Portugais Fernand de Magellan
85%
Premier homme à marcher sur la Lune Américain Neil Armstrong
78%
Premier Européen à atteindre l'Inde par la mer en contournant l'Afrique Portugais Vasco de Gama
75%
Voyageur qui a passé 24 ans en Asie et visité la cour de Kubilai Khan Venetian Marco Polo
72%
A exploré l'Australie et la Nouvelle-Zélande Britannique James Cook
65%
A découvert le Mexique et conquis l'Empire aztèque Espagnol Hernán Cortés
62%
A exploré le golfe du Saint-Laurent et a pris possession du Canada pour la France Français Jacques Cartier
62%
Océanographe, pionnier de l’exploration sous-marine et inventeur du scaphandre autonome Français Jacques-Yves Cousteau
60%
A exploré l'Arctique et l'Amérique du Nord ; une baie, un fleuve et un détroit portent son nom Britannique Henry Hudson
46%
Viking considéré comme le premier Européen à avoir atteint l’Amérique du Nord, bien avant Colomb. Danois Leif Erikson
37%
Explorateur célèbre pour ses expéditions en Afrique et sa quête des sources du Nil. Britannique David Livingstone
34%
Premier homme a atteindre le pôle Sud Norvégien Roald Amundsen
32%
Premiers alpinistes à atteindre le sommet de l'Everest Néo-Zélandais Edmund Hillary
20%
Explorateur qui a retrouvé ce dernier et exploré le Congo Britannique Henry Morton Stanley
20%
Ont dirigé une expédition de l’est au Pacifique après l’achat de la Louisiane Américain Meriwether Lewis
15%
Deuxième à atteindre le pôle Sud, mort avec son équipe lors du voyage retour Britannique Robert Falcon Scott
15%
Ont dirigé une expédition de l’est au Pacifique après l’achat de la Louisiane Américan William Clark
14%
A exploré l’Amérique du Sud et inspiré Darwin Allemand Alexander von Humboldt
9%
Premiers alpinistes à atteindre le sommet de l'Everest Népalais Tensing Norgay
5%
Aucun quiz correspondant
Distribution des résultats
% des personnes avec chaque résultat
Percentile par nombre de réponses
Votre historique - résultats
Vous n’avez pas pris ce quiz